MDQL
is popping MORE tags! Check the
thread
!
Quizzes
Events
Quiz Creation
Community
Videos
Private Events
Remove Ads
Sign In
Join for FREE
Feedback
Dark Mode
Quiz Categories
Sports
Geography
Music
Movies
Television
Just For Fun
Miscellaneous
History
Literature
Language
Science
Gaming
Entertainment
Religion
Holiday
For Kids
Quiz Lab
Recent
Popular Today
Quiz Kudos Today
Editor Picks
Curator Picks
Quizzes by...
Day
Popularity
Type
Ratings
Length
Year
Community
Subscriptions
Recent Discussions
Orange Saloon
Badges
Playlists
Quests
Create
Leaderboards
Showdown
Live 5
Trivia Bingo
Activity
Puzzle Library
Sporcle Events
Private Events
Virtual Trivia
Globe League
Become a Host
Pub Owners
SporcleCon
Opinionation
Our Games
Videos
Blog
Mobile Apps
Partnerships
Remove Ads and Go Orange
Feedback
Sports
Athletes
MLB
NBA
NHL
NFL
Soccer
Sports Teams
WWE
NCAA
Football
Premier League
Basketball
Baseball
Hockey
Golf
Tennis
Cricket
Rugby
Auto Racing
Olympics
World Cup
Sports
Athletes
MLB
NBA
NHL
NFL
Soccer
Sports Teams
WWE
NCAA
Football
Premier League
Basketball
Baseball
Hockey
Golf
Tennis
Cricket
Rugby
Auto Racing
Olympics
World Cup
Random Quiz
Search Sporcle
×
Quiz Lab
Quiz Lab
Sports
NFL
Type in answers that appear in a list
Type in answers that appear in a list
Classic
Best Score? Go Orange.
NFL Recieving Yards single season Stats
Can you name the NFL Recieving Yards single season?
By
nhl989d
4m
30 Questions
767 Plays
767 Plays
767 Plays
Comments
Comments
Give Quiz Kudos
Give Quiz Kudos
-
- Ratings
hide this ad
Replay
Link that replays current quiz
Next Quiz
Link to next quiz in quiz playlist
You Got
0%
They Got
Avg Score
50%
Avg Friend Score
Upgrade to see
Score Distribution
Jump to the score distribution portion of the page
Score
0/30
Timer
04:00
0
Plays Today
Yards
Player
% Correct
1,848
Jerry Rice
94%
1,570
Jerry Rice
94%
1,503
Jerry Rice
94%
1,502
Jerry Rice
94%
1,499
Jerry Rice
94%
1,632
Randy Moss
87%
1,493
Randy Moss
87%
1,575
Andre Johnson
81.9%
1,569
Andre Johnson
81.9%
1,722
Marvin Harrison
58.6%
1,663
Marvin Harrison
58.6%
1,524
Marvin Harrison
58.6%
1,602
Rod Smith
51.6%
1,563
Steve Smith
51.4%
1,636
Jimmy Smith
51.3%
Yards
Player
% Correct
1,696
Torry Holt
47.4%
1,635
Torry Holt
47.4%
1,603
Michael Irvin
44%
1,523
Michael Irvin
44%
1,781
Issac Bruce
43.8%
1,510
Reggie Wayne
42.3%
1,686
Herman Moore
23.3%
1,584
Rob Moore
23.3%
1,602
Lance Alworth
13.9%
1,598
David Boston
13.9%
1,555
Roy Green
11.3%
1,497
Robert Brooks
4.5%
1,495
Elroy Hirsch
3.9%
1,746
Charley Hennigan
3.4%
1,546
Charley Hennigan
3.4%
Quiz Playlist
Details
Report
Send in Message
Add To Playlist
Classic:
Type in answers that appear in a list
Quiz Source
Last Updated: Feb 16, 2017
Quiz Scoreboard
CHALLENGE
Sign Up to Join the Scoreboard
Show All
Scores
Hide
Comments
May contain spoilers
Recently Published
Two Season TV Shows II
by 123Four
Television
10m
Image Sorting: Flags VI
by Barbecue
Geography
2m
Find the 'City' Movie
by crazypaving
Movies
60s
More to Explore
Quiz From the Vault
Featured Blog Post
14 Easter Pick-up Lines to Find Eggs With
hide this ad
You Might Also Like...
Tags
NFL Quiz
Player
season
Single
Wide Receivers
Yard
Today's Top Quizzes in Sports
Browse Sports
hide this ad
Today's Top Quizzes in NFL
Browse NFL
Top Contributed Quizzes in Sports
1
Les meilleurs buteurs des matchs entre le PSG et l’OM
2
Les entraîneurs de l'OM et du PSG au 21e siècle
3
2022 World Cup Stars
4
Les joueurs passés par le PSG et l'OM
5
Players with Multiple 50 Home Run Seasons
6
FIFA Club World Cup Champions
7
Criteria MLB: Left Handed Sluggers
8
Les joueurs passés par le LOSC et le RC Lens
9
Top 10 NHL Goal Scorers of All Time
10
MLB Players with Two .350 Batting Average Seasons
Explore More
Trending Topics
Kpop
Anime
Disney
Harry Potter
Marvel
Crossword
NBA
WWE
Song
Soccer
Pokémon
NFL
The Office
Country
Puzzle
hide this ad
More By:
nhl989d
Quiz
Plays
Rating
Category
Featured
Created
NFL Recieving Yards single season
767
Sports
Mar 23, 2010
49ers top 30 rec. single season
389
2.60
Sports
Jan 26, 2010
49ers super bowl XXIX roster
371
5.00
Sports
Jan 4, 2010
49ers Super Bowl XVI roster
275
Sports
Jan 4, 2010
All Time TDs
219
4.67
Sports
Apr 8, 2010
Go to Creator's Profile
Score Distribution
Quiz Creator Spotlight
nhl989d
Follow
Send a Message
Quizzes Created
-
Created Quiz Play Count
-
More By This Creator
Popular Quizzes Today
1
Find the US States - No Outlines Minefield
2
Colored Red Africa Blitz
3
Find the 'City' Movie
4
5x2 Blitz: Bands
5
The Countries of the World
6
Find the Countries of Europe - No Outlines Minefield
7
Find the US States
8
US States
More Sports Quizzes
2018 FIFA World Cup Captains
Curator's Pick
Trending Quizzes
Colored Red Europe Blitz I
Colored Red Africa Blitz II
Colored Red Europe Blitz II
Colored Red Europe Blitz III
Colored Red Africa Blitz III
Recently Updated
How Do You Spell That?
pecheneg
Godzilla Movies
pecheneg
Grab Bag: 4-10 Letters
pecheneg
2024 March Madness Bracket
pecheneg
Famous TV Couples
Peacemaker
Champions League XIs: Real Madrid
pecheneg
Largest US Cities 1790-2010
pecheneg
Rides in Walt Disney World
pecheneg
Most Oscar Losses (Acting)
pecheneg
Beyoncé Albums
pecheneg
Trending Topics
Marvel
NBA
Kpop
Disney
Harry Potter
Crossword
Anime
Soccer
Pokémon
Country
NFL
WWE
Song
Puzzle
The Office
Your Account Isn't Verified!
In order to create a playlist on Sporcle, you need to verify the email address you used during registration. Go to your
Sporcle Settings
to finish the process.
Report this User
Report this user for behavior that violates our
Community Guidelines
.
Details:
Send Report
Go to the Sporcle.com Mobile Site →
Comments